000
00326nam a2200109Ia 4500
008
160531s9999 xx 000 0 und d
100
_a
Nazari, Stefano.
245
_a
Front Lines of Thoracic Surgery
245
_c
by Stefano Nazari
260
_c
2012
856
_u
http://www.intechopen.com/books/front-lines-of-thoracic-surgery
999
_c
295489
_d
295489